Osudový šampion

Bibliographic Details
Main Authors: Dryák, Zdeněk (Author, Interviewer), Furin, Jozef, 1974- (Author)
Format: Article
Language:Slovak
Czech
PhysicalDescription:Fotogr.
ISSN:1335-7867
Subjects:

MARC

LEADER 00000nab a2200000 ar4500
001 vtls010070764
003 SK-MaSNL
005 20260303050828.0
008 100302c2010 xo mr|p|||||||000 b|slo
015 |a SNBRB2010/03  |2 snkbucl 
038 |a SNKBUCL 
040 |a SNKBUCL  |b slo  |c SNKBUCL  |e AACR2 
041 0 |a cze 
044 |a xo  |c SK 
080 |a 796.894.071  |2 2001 
080 |a 929 Furin, Jozef  |2 2001 
100 1 |a Dryák, Zdeněk  |4 ivr  |4 aut  |9 430675 
245 1 0 |a Osudový šampion  |c [zhováral sa] Zdeněk Dryák ; Jozef Furin 
300 |b Fotogr. 
650 0 7 |a kulturistika  |2 snkbucl  |9 3254 
655 7 |a rozhovory  |2 snkbucl  |9 31831 
700 1 |a Furin, Jozef,  |d 1974-  |4 ive  |4 aut  |9 1039525 
773 0 |t Muscle a fitness  |g Roč. XX, č. 3 (2010), s. 77-80  |x 1335-7867 
852 |a SNK  |b KIS3GCP 
958 |a BX 
999 |c 1709080  |d 1711010